000 00427nam a2200181Ia 4500
001 2363
005 20260306144801.0
008 260306t2015||||xx |||||||||||||| ||spa||
041 _aESP
082 _a616.89
_bB61
100 _aBlack, Donald W.
_eAUT
245 0 _aTexto introductorio de psiquiatría
260 _c2015
300 _a759 páginas :
_c23 cm.
650 _aGEN
654 _aCPS
942 _cLIB
_dJUS
_fJUS
_2ddc
_n
999 _c2363
_d2363